000 00489nam a22001817a 4500
005 20230112112218.0
008 200225b xxu||||| |||| 00| 0 eng d
020 _a978-93-86478-58-0
041 _aeng
082 _a616.07
100 _aLAL, HARBANS
_95124
245 _aESSENTIALS OF PHARMACEUTICAL BIOCHEMISTRY (including practical exercises)
250 _a2nd , Ed.2019
260 _aNEW DELHI
_bCBS
_c2019
300 _a219p,
650 _aPHARMACY
_xB.PHARMA
_97083
942 _cBK
999 _c6031
_d6029